| 000 | 00581cam a2200205ua 4500 | ||
|---|---|---|---|
| 001 | 10792 | ||
| 008 | 190628n ii |||gr||||Z||||||eng | ||
| 020 | _a9788176567527 | ||
| 040 | _cMAIN | ||
| 041 | _aeng | ||
| 082 | _a004 | ||
| 245 |
_aComputer fundamentals : _bconcepts, systems and applications / _cBy Pradeep K sinha and Priti Sinha. |
||
| 250 | _a1st rep. | ||
| 260 |
_aNew Delhi: _bBPB publications, _c2017. |
||
| 300 | _a490p. | ||
| 653 | _aData processing & computer science | ||
| 700 |
_aPradeep K Sinha, _eAuthor. |
||
| 700 |
_aPriti Sinha, _eAuthor. |
||
| 942 | _cBK | ||
| 999 |
_c9754 _d9754 |
||